000 00912nam a2200241 a 4500
001 BRCA_3741
005 20190320204415.0
008 150909s1942----mx-a---###---#000-0#spa-#
041 _aspa
044 _amx
050 4 _aF1226
_b.G73 G-8 1942
100 1 _aAlamán, Lucas
_d1792-1853
_99744
245 1 0 _aDisertaciones sobre la historia de la República Megicana, desde la época de la conquista que los españoles hicieron a fines del siglo XV y principios del XVI de las islas y continente americano hasta la independencia
_cLucas Alamán.
260 _aMéxico
_bJus
_c1942
300 _a3 v.
_bil.
_c23 cm.
440 0 _aGrandes autores mexicanos Lucas Alamán. Obras
_vG-8
_99745
500 _aEjemplar numerado 47 de 500
500 _aC2
651 4 _aMéxico
_xHistoria
_yConquista, 1519-1540
_9442
651 4 _aMéxico
_xHistoria
_yPeriodo colonial, 1540-1810
_94206
902 _aGFM
942 _2lcc
_cB
999 _c3470
_d3470